Bàn tay kẻ lạ mặt
Сохранить в:
| Формат: | |
|---|---|
| Опубликовано: |
Khánh Hoà
|
| Метки: |
Добавить метку
Нет меток, Требуется 1-ая метка записи!
|
| Thư viện lưu trữ: | Mạng thư viện Đại học Đà Nẵng |
|---|
| LEADER | 00628nam a2200217 4500 | ||
|---|---|---|---|
| 001 | 000004766 | ||
| 003 | 907 | ||
| 005 | 20150812140843.0 | ||
| 008 | 110804s sd | ||
| 245 | 0 | 0 | |a Bàn tay kẻ lạ mặt |
| 260 | |b Khánh Hoà | ||
| 774 | |a Robert Daley |d Tổng Hợp Khánh Hoà |d 1990 |g Tập 1 |h 278 tr. |w 910 | ||
| 774 | |a Robert Daley |d Tổng Hợp Khánh Hoà |d 1990 |g Tập 2 |h 272 tr. |w 911 | ||
| OWN | |a LSP | ||
| 999 | |a From the UDN01 | ||
| TYP | |a Monograph | ||
| TYP | |a Printed language | ||
| 980 | |a Mạng thư viện Đại học Đà Nẵng | ||